Rynki lokalne w Polsce Funkcjonowanie i typologia
Saved in:
| Main Author: | |
|---|---|
| Format: | Book |
| Language: | Polish |
| Published: |
Wroclaw
Akademia Ekon. im. Oskara Langego
1990
|
| Edition: | 1. wyd. |
| Series: | Prace naukowe
Nr.519 |
| Tags: |
No Tags, Be the first to tag this record!
|
MARC
| LEADER | 00000nam a2200000 4500 | ||
|---|---|---|---|
| 001 | c022042 | ||
| 005 | 20221215130347.0 | ||
| 041 | 0 | |a pol | |
| 044 | |a PL | ||
| 245 | 1 | 0 | |a Rynki lokalne w Polsce |b Funkcjonowanie i typologia |c Urszula Kalazna-Drewinska |
| 250 | |a 1. wyd. | ||
| 264 | 1 | |a Wroclaw |b Akademia Ekon. im. Oskara Langego |c 1990 | |
| 300 | |a 141 s. | ||
| 490 | 1 | |a Prace naukowe |v Nr.519 | |
| 830 | 0 | |a Prace naukowe |v Nr.519 | |
| 100 | 1 | |a Kalazna-Drewinska, Urszula | |